00645nam a2200181Ia 4500008004100000020001800041041000800059082001900067100002100086245005500107260002700162300000800189365001600197700002100213906005500234999001900289952015500308230718s9999 xx 000 0 und d a9781584886419 aeng a519.20113bBAR aBaron M.9176151 aProbability And Statistics For Computer Scientists c2007bChapman And Hall a413 cRs.b545.00 aBaron M.9176151 dO:0166421-Mar-2011B:744918-Mar-2011cMATHSb136.25 c327548d327548 00104070aCCEPbCCEPd2011-03-21eTbsfMATHSg408.75i7449l0o519.20113pCCEP-BK-38755r2023-07-18 00:00:00t136.25v545.00w2011-03-18yBKz038755